00600nam a2200169 a 450000100100000000500170001000800410002704000250006810000320009324500830012526000380020830000210024650400320026704900090029995201050030899900170041300001206820221101131120.0091104s1991 dr 000 p spa d aDO-SdBNPbspacBNPHU1 aDotel Matos, Héctor9120210aManual de derecho penal general y procedimiento penal /cHéctor Dotel Matos. aSanto Domingo :bCorripio,c1991. a515 p. ;c22 cm. aBibliografía : p. 513-515 aBNPD 0010718PDaPDbPDcCTd2009-11-04iLF1l0o p12068-10r2020-06-25w2020-06-25yLFPDZNo se presta c11735d11735